00285nam a2200121Ia 4500008004100000082001300041100002300054245002400077250000800101260003800109300000800147650000800155191201s2011 xx 000 0 und d a382bOBI aOBEROI,Pawan Kumar 0aInternational Trade a1st aN. DelhibGlobal Vision Pubc2011 a181 aBBA